000 00655nam a22001937a 4500
005 20260702121415.0
010 _aENG-148887
020 _c150.00
_a9789391517281
035 _aEN-132419
037 _bDBAD
082 _a954.84
_21
100 _aRao, K.S. Kameswara
_989495
245 _aHistory of Andhra Pradesh An Overview/
_cK.S. Kameswara Rao
250 _a1
260 _aVijaywada
_bEmesco Books Pvt Ltd
_c2022
270 _a33-22-2, Chandram Buildings, C.R.Road, Chuttungunta
_bVijaywada
_e520004
_k0866-2436643
_memescovja@gmail.com
300 _a173p.
_c22cm(pb)
_bpictures and Illustrations
942 _2ddc
_cEN
_h954.84
_mRAO
999 _c216835
_d216835